Quiz sur les Alpes - Statistiques

Statistiques générales
  • Ce quiz a été pris 65 fois
  • Le résultat moyen est 13 sur 20
Statistiques - réponses
Question Réponse % Correct
Quel fleuve prend sa source dans les Alpes et traverse Lyon ? Rhône
100%
Quel est le sommet le plus haut des Alpes ? Mont Blanc
98%
Quelle commune savoyarde est surnommée la “capitale mondiale de l’alpinisme” ? Chamonix
86%
Quel est le plus grand lac alpin d’Europe ? Lac Léman
84%
Quelle ville française est surnommée la “capitale des Alpes” ? Grenoble
83%
Quel chef militaire est connu pour avoir franchi les Alpes avec des éléphants ? Hannibal
77%
Quelle fleur blanche et étoilée est le symbole des Alpes ? Edelweiss
72%
Quelle ville italienne au Piémont est célèbre pour ses palais et l’industrie automobile Fiat ? Turin
72%
Quel lac italien est célèbre pour ses villas et ses paysages spectaculaires ? Lac de Côme
70%
Quelle sommet emblématique des Alpes, célèbre pour sa forme pyramidale, se situe à la frontière entre la Suisse et l’Italie ? Cervin
66%
Sur le drapeau de quel pays peut-on voir le Mont Triglav ? Slovénie
63%
Quelle ville autrichienne a accueilli à deux reprises les Jeux olympiques d’hiver (1964 et 1976) ? Innsbruck
59%
Quel parc a été créé en 1963 pour protéger les glaciers et la faune des Alpes françaises ? Parc national de la {Vanoise}
58%
Quelle rivière prend sa source dans les Alpes italiennes et traverse le Piémont avant de se jeter dans la mer Adriatique ?
58%
Quel lac, près d’Aix-les-Bains, est le plus grand lac naturel entièrement en France ? Lac du Bourget
52%
Quel était le nom du chalet d'Hitler dans les Alpes bavaroises ? Nid {d'aigle}
52%
Quel est le plus grand domaine skiable du monde, situé dans les Alpes françaises ? Les trois Vallées
48%
Quelle célèbre station suisse se trouve aux pieds de ce dernier ? Zermatt
41%
Dans quel massif italien se trouvent les Tre Cime ? Dolomites
38%
Dans quel pays les Alpes du Sud se trouvent-elles ? Nouvelle-Zélande
38%
Aucun quiz correspondant
Distribution des résultats
% des personnes avec chaque résultat
Percentile par nombre de réponses
Votre historique - résultats
Vous n’avez pas pris ce quiz